LIBRARY & INFORMATION CENTRE, KCAET, TAVANUR

ONLINE PUBLIC ACCESS CATALOGUE (OPAC)

Development and testing of a collector - cum - storage type solar water heater for domestic use (Record no. 15216)

MARC details
000 -LEADER
fixed length control field 00672nam a22001697a 4500
003 - CONTROL NUMBER IDENTIFIER
control field OSt
088 ## - REPORT NUMBER
Report number T 110
100 ## - MAIN ENTRY--AUTHOR NAME
Personal name BIJUKUMAR K
245 ## - TITLE STATEMENT
Title Development and testing of a collector - cum - storage type solar water heater for domestic use
260 ## - PUBLICATION, DISTRIBUTION, ETC. (IMPRINT)
Place of publication Tavanur 2000
Name of publisher Kelappaji College of Agricultural Engineering and Technology
300 ## - PHYSICAL DESCRIPTION
Number of Pages 107
500 ## - GENERAL NOTE
General note Development and testing of a collector - cum - storage type solar water heater for domestic use
520 ## - SUMMARY, ETC.
Summary, etc Development and testing of a collector - cum - storage type solar water heater for domestic use
700 ## - ADDED ENTRY--PERSONAL NAME
Personal name Prof. C. P Mohammad (Guide)
942 ## - ADDED ENTRY ELEMENTS (KOHA)
Koha item type Theses
Holdings
Collection code Home library Current library Shelving location Full call number Accession Number Koha item type Public note
Reference KAUAET KAUAET Reference 631.3 BIJ/DE T 110 Theses M.Tech Thesis
free website counter